| 000 | nam a22 7a 4500 | ||
|---|---|---|---|
| 999 |
_c3769 _d3769 |
||
| 005 | 20170524083440.0 | ||
| 008 | 170524b1984 mau||||| |||| 00| 0 eng d | ||
| 020 | _a 0669044768 (pbk.) | ||
| 040 | _aAKMAL | ||
| 082 | _a808.4 BLO | ||
| 090 |
_a808.4 _bBLO |
||
| 245 | 0 | 4 |
_aThe Essay connection : _b readings for writers / _cLynn Z. Bloom. |
| 260 |
_aLexington, Mass. : _b D.C. Heath, _cc1984 |
||
| 300 |
_a xx, 491 p. ; _c21 cm |
||
| 650 | 0 |
_aCollege readers. _91469 |
|
| 650 | 0 |
_aReport writing _xProblems, exercises, etc. _97455 |
|
| 650 | 0 |
_aEnglish language _x Rhetoric _91467 |
|
| 700 | 1 |
_aBloom, Lynn Z., _d1934- _97456 |
|
| 942 |
_2ddc _cBOOK |
||